000 00284nam a2200109Ia 4500
008 200302s9999 xx 000 0 und d
100 _aJenny Lovell
245 _aBuilding Envelopes An Integrated Approach
260 _bPrinceton Architectural Press
260 _c2010
300 _a152 P.,
999 _c2945
_d2945